书目信息 |
| 题名: |
电子电路
|
|
| 作者: | 尾崎弘 , 尾崎弘 著 ;林鹏 译 | |
| 分册: | ||
| 出版信息: | 北京 科学出版社 2004.07 |
|
| 页数: | 345页 | |
| 开本: | 21cm | |
| 丛书名: | 电子电路读本 | |
| 单 册: | ||
| 中图分类: | TN710 | |
| 科图分类: | ||
| 主题词: | 模拟电路 | |
| 电子资源: | ||
| ISBN: | 7-03-013171-1 | |
| 000 | 01029nam 2200313 450 | |
| 001 | 0140911103 | |
| 005 | 20050831212434.51 | |
| 010 | @a7-03-013171-1@dCNY25.00 | |
| 100 | @a20040911d2004 km y0chiy0120 ea | |
| 101 | 1 | @achi@cjpn |
| 102 | @aCN@b110000 | |
| 105 | @aa a 000yy | |
| 200 | 1 | @a电子电路@ADian Zi Dian Lu@e模拟篇@f(日) 尾崎弘等著@F(ri)wei qi hong deng zhu@g林鹏译@Glin peng yi |
| 210 | @a北京@c科学出版社@d2004.07 | |
| 215 | @a345页@c图@d21cm | |
| 225 | 2 | @a电子电路读本@v2 |
| 312 | @a日文并列题名取自版权页。 | |
| 320 | @a有书目。 | |
| 330 | @a本书介绍了二极管及其基本电路、晶体管及其基本电路、直流放大电路、运算放大器及其应用电路、振荡电路等,章末配有练习题及其解答。 | |
| 410 | 0 | @12001 @a电子电路读本 |
| 510 | 1 | @a電子回路,ァナ口ダ編@zjpn |
| 517 | 1 | @a模拟篇@Amo ni pian |
| 606 | 0 | @a模拟电路 |
| 690 | @aTN710@v4 | |
| 701 | 0 | @a尾崎弘@AWei Qi Hong@4著 |
| 701 | 0 | @a尾崎弘@Awei qi hong@4著 |
| 702 | 0 | @a林鹏@Alin peng@4译 |
| 801 | 0 | @aCN@bQSSK@c20050831 |
| 905 | @a10447@dTN710@eW544 | |
| 电子电路:模拟篇/(日) 尾崎弘等著/林鹏译.-北京:科学出版社,2004.07 |
| 345页:图;21cm.-(电子电路读本;2) |
| ISBN 7-03-013171-1:CNY25.00 |
| 本书介绍了二极管及其基本电路、晶体管及其基本电路、直流放大电路、运算放大器及其应用电路、振荡电路等,章末配有练习题及其解答。 |
| ● |
| 相关链接 |
|
|
|
正题名:电子电路
索取号:TN710/W544
 
预约/预借
| 序号 | 登录号 | 条形码 | 馆藏地/架位号 | 状态 | 备注 |
| 1 | 566453 | 205664538 | 自科二线404/301自科库 23排1列2层/ [索取号:TN710/W544] | 在馆 | |
| 2 | 566454 | 205664547 | 自科库301/301自科库 30排3列4层/ [索取号:TN710/W544] | 在馆 | |
| 3 | 566455 | 205664556 | 自科库301/301自科库 30排3列4层/ [索取号:TN710/W544] | 在馆 |